Statistics for Most-Visited Countries by Various Figures

Click here to take the quiz!

General Stats

  • This quiz has been taken 51 times
  • The average score is 24 of 31

Answer Stats

Answer % Correct
France
100%
United Kingdom
100%
Canada
100%
Germany
98%
Mexico
98%
China
98%
Italy
98%
Spain
96%
Japan
93%
Australia
91%
Brazil
91%
Ukraine
89%
Netherlands
89%
Poland
87%
New Zealand
87%
United States
85%
Switzerland
83%
Belgium
83%
South Korea
80%
Turkey
80%
Austria
78%
Portugal
78%
Kazakhstan
74%
Belarus
72%
Vatican City
54%
Jamaica
37%
Malta
30%
Malaysia
30%
Fiji
28%
Barbados
24%
Tajikistan
22%

Score Distribution

Percentile by Number Answered

Percent of People with Each Score

Your Score History

You have not taken this quiz